[Event "URS-ch53"]
[Site "Kiev"]
[Date "1986.??.??"]
[Round "?"]
[White "Gavrikov, Viktor"]
[Black "Tseshkovsky, Vitaly"]
[Result "1/2-1/2"]
[WhiteElo "2550"]
[BlackElo "2455"]
[Annotator "ChessBase"]
[PlyCount "81"]
[EventDate "1986.04.??"]
[EventType "tourn"]
[EventRounds "17"]
[EventCountry "URS"]
[EventCategory "10"]
[SourceTitle "URS-ch"]
[Source "ChessBase"]
[SourceDate "1999.07.01"]
[SourceVersion "1"]
[SourceVersionDate "1999.07.01"]
[SourceQuality "1"]

1. Nf3 Nf6 2. c4 g6 3. Nc3 d5 4. Qa4+ Bd7 5. Qb3 dxc4 6. Qxc4 Bg7 7. g3 O-O 8.
Bg2 Ne8 $1 9. d4 (9. h4 $6 Nd6 10. Qb3 c5 11. d3 Nc6 12. h5 c4 $1 13. dxc4 Na5
14. Qd1 Naxc4 15. hxg6 hxg6 $17 {Szilagyi,P-Mikhalchisin,A,Budapest Noviki 1988
}) 9... Nd6 10. Qd3 Na6 11. O-O (11. Bf4 c5 12. d5 Nb4 $17) 11... c5 12. Rd1
Rc8 13. e3 (13. dxc5 Nxc5 $17) (13. Bg5 h6 14. dxc5 Nxc5 15. Bxe7 $2 Nxd3 16.
Bxd8 Nxb2 17. Rxd6 Rfxd8 18. Nd5 Nc4 19. Nf6+ Kh8 $19 {Tseshkovsky}) 13... b5 (
13... cxd4 $5 $15) 14. Qe2 cxd4 15. exd4 Nc7 16. a3 Bg4 17. d5 $6 (17. Bf4 $142
$13) 17... Qd7 18. Bf4 Nc4 $17 19. h3 $6 (19. Rac1 Rfe8 $17) 19... Bxh3 20.
Bxh3 Qxh3 21. Bxc7 (21. Qxe7 Rfe8 $19 {/\Nb2}) 21... Bxc3 $1 (21... Rxc7 22.
Nxb5 Rc5 23. Nbd4 $13) 22. Qxe7 Rfe8 (22... Bxb2 23. d6 Bxa1 24. Rxa1 $146) 23.
Qc5 (23. Qxf7+ Kxf7 24. Ng5+ Kg8 $1 25. Nxh3 Bxb2 26. d6 Bxa1 27. Rxa1 Rxc7 28.
dxc7 Rc8 $17) 23... Ba5 (23... Be5 $2 24. d6 Bxg3 25. d7 Bxc7 26. Qxc7 $1 $18 {
Tseshkovsky}) 24. d6 Nxd6 $2 (24... Ne3 $1 25. Nh4 Nxd1 26. Rxd1 Qd7 27. Rc1
Bxc7 28. dxc7 Re7 $19) 25. Ng5 Qd7 26. Rxd6 Qxc7 27. Qd5 $15 Qc4 28. Qf3 {
/\b3+-} Re7 29. Rad1 Rce8 30. Rd7 h6 31. b3 (31. Nh3 $5) 31... Qc3 32. Qxc3 $8
(32. R7d3 $2 Qc8 $19) 32... Bxc3 33. Nf3 Bb2 34. a4 bxa4 35. bxa4 a5 36. R7d5
Bc3 37. Rc1 Bb4 38. Kg2 Re2 39. Rc7 Ra2 $2 (39... R8e7 40. Rxe7 Rxe7 41. Nd4
Rc7 42. Nb3 Rc2 {/\} 43. Nxa5 Bc5 $17 {Tseshkovsky}) 40. Ne5 $10 Re7 (40... Bd6
41. Rxd6 Rxe5 42. Rf6 Rf5 43. Rxf5 gxf5 44. Rc5 $10) 41. Rxe7 $10 (41. Rxe7
Bxe7 42. Rxa5 Bf6 43. Nc6) 1/2-1/2

[Event "Khanty-Mansiysk FIDE GP (Women)"]
[Site "Khanty-Mansiysk"]
[Date "2014.04.20"]
[Round "10"]
[White "Zhao, Xue"]
[Black "Batchimeg, Tuvshintugs"]
[Result "0-1"]
[WhiteElo "2552"]
[BlackElo "2340"]
[Annotator "ChessBase Website"]
[PlyCount "96"]
[EventDate "2014.04.09"]
[EventType "tourn"]
[EventRounds "11"]
[EventCountry "RUS"]
[EventCategory "10"]
[SourceTitle "CBM 160"]
[Source "ChessBase"]
[SourceDate "2014.05.15"]
[SourceVersion "1"]
[SourceVersionDate "2014.05.15"]
[SourceQuality "1"]
[TimeControl "40/5400+30:1800+30"]
[WhiteClock "1:30:00"]
[BlackClock "1:30:00"]

1. c4 {[%emt 0:00:00]} Nf6 {[%emt 0:01:41]} 2. Nc3 {[%emt 0:01:16]} d5 {
[%emt 0:01:07]} 3. cxd5 {[%emt 0:00:26]} Nxd5 {[%emt 0:00:05]} 4. Nf3 {[%emt 0:
02:47]} g6 {[%emt 0:01:52]} 5. e4 {[%emt 0:02:30]} Nxc3 {[%emt 0:00:30]} 6.
bxc3 {[%emt 0:00:06]} Bg7 {[%emt 0:00:05]} 7. Ba3 {[%emt 0:03:47]} O-O {
[%emt 0:01:38]} 8. Bc4 {[%emt 0:05:43]} c5 {[%emt 0:06:28]} 9. O-O {[%emt 0:00:
35]} Bg4 {[%emt 0:10:37]} (9... Qc7 10. Rc1 Nc6 11. d4 b6 12. Qe2 Na5 13. Bd5
Rb8 14. h3 e6 15. Bb3 Bb7 16. c4 Ba6 17. Qe3 cxd4 18. Nxd4 Rfd8 19. Nb5 Bxb5
20. cxb5 Qe5 21. Qe2 h5 22. Kh1 Qf4 23. Rc2 Rd4 24. Re1 Rbd8 25. Bc1 Qh4 26.
Rc7 Be5 27. Rxa7 Bb8 28. Ra8 Nxb3 29. axb3 Rxe4 30. Be3 Re5 31. Rd1 Kh7 32.
Raa1 Red5 33. Bxb6 Qe4 34. Qxe4 Rxd1+ 35. Qe1 Rxe1+ 36. Rxe1 Rd5 37. b4 Rxb5
38. Bc5 Rb7 39. Rb1 {Gurevich,D (2575)-Tseitlin,M (2430) Beersheba 1993 1-0 
(67)}) 10. Bd5 $146 {[%emt 0:11:01]} (10. Rb1 Nc6 11. Bxc5 Bxf3 12. gxf3 Qc7
13. Be3 Rad8 14. Qe2 b6 15. d4 Na5 16. Ba6 e5 17. d5 f5 18. c4 Rf6 19. Bg5 Rdd6
20. Bxf6 Rxf6 21. c5 Bh6 22. d6 Qd8 23. Rfd1 Bf4 24. d7 Nc6 25. Qc4+ Kg7 26.
Qd5 Nd4 27. Rxd4 exd4 28. e5 Rf8 29. c6 Qc7 30. Re1 Bg5 31. e6 Be7 32. Qe5+
Qxe5 33. Rxe5 Bd6 34. Rd5 {1-0 (34) Vuitton,G (2093)-Pazeriene,D (2025) Rynia
2013}) 10... Nd7 {[%emt 0:17:57]} 11. d4 {[%emt 0:07:35]} Qa5 {[%emt 0:07:51]}
12. Qb3 {[%emt 0:01:06]} Bxf3 {[%emt 0:10:36]} 13. gxf3 {[%emt 0:00:08]} e6 {
[%emt 0:00:27]} 14. Bc4 {[%emt 0:08:35]} b5 {[%emt 0:05:59]} 15. Be2 {[%emt 0:
00:41]} Rfc8 {[%emt 0:01:36]} 16. Bb2 {[%emt 0:12:25]} cxd4 {[%emt 0:04:09]}
17. cxd4 {[%emt 0:00:16]} Qd2 {[%emt 0:00:40]} 18. Rfe1 {[%emt 0:02:09]} Nc5 {
[%emt 0:05:07]} 19. dxc5 {[%emt 0:04:11]} Bxb2 {[%emt 0:00:06]} 20. Rab1 {
[%emt 0:00:03]} Qg5+ {[%emt 0:03:18]} 21. Kh1 {[%emt 0:03:56]} Be5 $36 {
[%emt 0:00:18][%csl Re2,Ge5,Rf3,Rh1][%cal Gg5f4] Zhao Xue played a sharp
anti-Gruenfeld but Tuvshintugs was not intimidated in the least. She launched
her pawns forward and attacked in every flank, eventually winning one pawn on
the queenside and shattering her opponent's kingside pawn structure, exposing
the king. The combination of this and the opposite colored bishops, which
favors the attacker, gave Black a decisive advantage that she saw through with
no problems.} 22. Rg1 {[%emt 0:00:06]} Qh4 {[%emt 0:03:22]} 23. Rg2 {[%emt 0:
00:23]} Rxc5 {[%emt 0:00:23]} 24. Kg1 {[%emt 0:02:43]} a6 {[%emt 0:03:21]} 25.
a4 {[%emt 0:01:24]} bxa4 {[%emt 0:02:05]} 26. Qxa4 {[%emt 0:00:13]} a5 {
[%emt 0:00:31]} 27. Bf1 {[%emt 0:01:36]} Qf4 {[%emt 0:00:53]} 28. Rg3 {[%emt 0:
02:03]} Rc1 {[%emt 0:02:45]} 29. Rxc1 {[%emt 0:00:21]} Qxc1 {[%emt 0:00:04]}
30. Rg4 {[%emt 0:00:14]} h5 {[%emt 0:00:30]} 31. Rg2 {[%emt 0:00:10]} Qc3 {
[%emt 0:01:10]} 32. Rg5 {[%emt 0:01:06]} Bf4 {[%emt 0:03:03]} 33. Rb5 {[%emt 0:
00:11]} Qxf3 {[%emt 0:00:32]} 34. h3 {[%emt 0:02:15]} Qc3 {[%emt 0:00:50]} 35.
Rb3 {[%emt 0:00:34]} Qf6 {[%emt 0:00:55]} 36. Rb5 {[%emt 0:00:42]} Bc7 {
[%emt 0:00:24]} 37. e5 {[%emt 0:00:03]} Qg5+ {[%emt 0:01:11]} 38. Kh1 {[%emt 0:
01:01]} Rd8 {[%emt 0:00:35]} 39. Rc5 {[%emt 0:01:17]} Bxe5 {[%emt 0:01:14]} 40.
Qxa5 {[%emt 0:00:00]} Rd1 {[%emt 0:00:00]} 41. Qa8+ {[%emt 0:00:08]} Kg7 {
[%emt 0:02:39]} 42. Qg2 {[%emt 0:01:04]} Qf4 {[%emt 0:02:00]} 43. Kg1 {[%emt 0:
00:04]} Bd4 {[%emt 0:01:04]} 44. Rc2 {[%emt 0:00:07]} e5 {[%emt 0:00:33]} 45.
Re2 {[%emt 0:01:12]} Qc1 {[%emt 0:00:31]} 46. h4 {[%emt 0:01:22]} Qf4 {[%emt 0:
03:04]} 47. Qh3 {[%emt 0:02:09]} e4 {[%emt 0:00:59]} 48. Kg2 {[%emt 0:00:26]}
Rd3 {[%emt 0:00:54]} 0-1

[Event "Oslo Schakselskaps Jubilee"]
[Site "Oslo"]
[Date "1984.04.22"]
[Round "9"]
[White "Huebner, Robert"]
[Black "Agdestein, Simen"]
[Result "1/2-1/2"]
[WhiteElo "2620"]
[BlackElo "2435"]
[Annotator "ChessBase/Huebner,R"]
[PlyCount "174"]
[EventDate "1984.04.12"]
[EventType "tourn"]
[EventRounds "9"]
[EventCountry "NOR"]
[EventCategory "13"]
[SourceTitle "MCL"]
[Source "ChessBase"]
[SourceDate "1999.07.01"]
[SourceVersion "1"]
[SourceVersionDate "1999.07.01"]
[SourceQuality "1"]

1. c4 {1) Hübner,Robert: 55 feiste Fehler.Stamsried.1990. Verlag Ernst Vögel.
Nr.16, 17, 38, 43, 44, 49, 53.} Nf6 2. Nc3 d5 3. cxd5 Nxd5 4. g3 Nb6 5. Bg2 g6
6. d3 Bg7 7. Be3 h6 8. Qd2 c6 9. Nf3 Nd5 10. Bd4 Nf6 11. h3 O-O 12. O-O Nbd7
13. Rfd1 Kh7 14. b4 Re8 15. e4 e5 16. Be3 Qe7 17. Rab1 b6 18. d4 exd4 19. Bxd4
Bb7 20. e5 Nd5 21. Re1 Nxc3 22. Qxc3 Rad8 23. h4 Nf8 24. h5 Ne6 25. Be3 g5 26.
Nh2 Nc7 27. Bxc6 Bxc6 28. Qxc6 Bxe5 29. Ng4 Qd6 {[#]} 30. Qe4+ (30. Qxd6 $1
Rxd6 (30... Bxd6 31. Nf6+ $18) 31. Rbd1 $1 (31. Bxb6 axb6 32. Rxe5 $16) 31...
Nb5 (31... Rxd1 32. Rxd1 Re7 33. Nxe5 Rxe5 34. Rd7 Nd5 35. Bd4 $18) (31... Rde6
32. Rd7 R8e7 33. Rxe7 Rxe7 34. Bxb6 axb6 35. Rxe5 Rxe5 36. Nxe5 Kg7 37. a4 $18)
(31... Bc3 32. Rxd6 Bxe1 33. Nf6+ $18)) (30. Qc2+ $1 Kg8 (30... Kg7 $2 31. Rbd1
Qe6 (31... Nd5 32. Nxe5 Rxe5 33. Bd4 $18) 32. Rxd8 Rxd8 33. Bxg5 hxg5 34. h6+
Kh8 35. Nxe5 Nd5 36. Qd2 $18) 31. Rbd1 Qe6 (31... Nd5 32. Bxg5 $1 (32. Rxd5 $2
Qxd5 33. Nxh6+ Kg7 34. Bxg5 Bf6 35. Bxf6+ Kxf6 36. Ng4+ Kg5 37. Rxe8 Rxe8 38.
Ne3 Qf3 $15) 32... hxg5 33. Qf5 $18) 32. Rxd8 Rxd8 33. Bxg5 hxg5 34. Nxe5 Nd5
35. Qd2 $18) 30... Kg8 {[#]} 31. Bxg5 $2 (31. Rbd1 $142 $1 $18 Nd5 (31... Qe6
32. Rxd8 Rxd8 33. Qxe5 Qxg4 34. Qxc7 $18) (31... Bd4 32. Qxd4 Qxd4 33. Rxd4
Rxd4 34. Nf6+ Kf8 35. Nxe8 $18) (31... Qxd1 32. Rxd1 Rxd1+ 33. Kg2 Bg7 34. Qc6
Re7 35. Nxh6+ Bxh6 36. Qxh6 Ne6 37. Bxg5 Nxg5 38. Qxg5+ Kf8 39. h6 $18) 32.
Bxg5 hxg5 (32... Bg7 33. Qxe8+ Rxe8 34. Rxe8+ Kh7 35. Bxh6 Bxh6 36. Rxd5 $18)
33. Nxe5 Qe6 (33... Qxb4 34. Qf5 Qe7 35. Nf3 $18) 34. Qc4 $18) 31... Bg7 (31...
hxg5 $2 32. Nxe5 $18) 32. Be7 Qd7 33. Rbd1 {[#]} Nd5 $1 (33... Qxd1 34. Rxd1
Rxd1+ 35. Kg2 Rd4 $1 36. Nxh6+ Bxh6 $1 (36... Kh8 37. Nxf7+ Kg8 38. Nh6+ Kh8
39. Qg6 Rxe7 40. Nf5 $18) 37. Qxd4 Rxe7 38. Qd8+ Bf8 39. h6 f5 $13) 34. Qf3 (
34. Bxd8 Rxe4 35. Rxe4 f5 36. Ne5 Qxd8 37. Red4 Bxe5 38. Rxd5 Qf6 39. Rd8+ Kf7
40. f4 Bxf4 41. gxf4 Qh4 $10) 34... Rxe7 35. Rxe7 Qxe7 36. Rxd5 Rxd5 37. Qxd5
Qxb4 38. Ne3 Qe7 (38... Bd4 $142 $1 $10) 39. Nf5 Qc7 {[#]} 40. Qe4 $14 (40.
Qa8+ $142 $1 $18 Kh7 41. Qe8 $1 {/\Ne7} (41. Qe4 Bf8 $10) 41... Qc4 (41... Bb2
42. Qf8 $1 (42. Ne7 $6 Qc1+ 43. Kh2 Kg7 $13) 42... Qc1+ 43. Kh2 Qg5 44. Qxf7+
Kh8 45. Ne7 Qg7 46. Qe6 $18) 42. Ne7 f6 43. Qg6+ Kh8 44. Nf5 $18) 40... Bf8 {
[#]} 41. Qe8 (41. Qa8 Qc1+ 42. Kg2 Qg5 43. Qd5 Bc5 (43... Qxh5 $2 44. Ne7+ $18)
44. f4 Qf6 $14) (41. Kg2 $1 {/\Qa8} Qc1 42. g4 Qg5 43. Kg3 $16) 41... Qc1+ $15
{[#]} 42. Kg2 $2 (42. Kh2 $142 Qg5 (42... Qd2 43. Kh3 $1 (43. Kg2 $2 Qd5+ 44.
Kh2 Qxf5 $19) 43... Qxf2 44. g4 {-> 42...Qg5}) 43. g4 Qf4+ (43... Qxg4 $2 44.
Nxh6+ $18) 44. Kh3 Qf3+ 45. Kh4 Qxf2+ 46. Kh3 Qf3+ 47. Kh4 Qf4 {/\Qh2#} 48. Kh3
Qg5 49. Qb8 $10) 42... Qg5 $1 $15 {[#]} 43. Qc8 $6 (43. Qe5 $142 Kh7 44. Qe4 (
44. Qe8 $2 Qxf5 45. Qxf8 Qd5+ 46. Kg1 Qxa2 $19) 44... Qxh5 45. Ne7+ Kg7 (45...
Kh8 $2 46. Qd4+ Bg7 $2 47. Qd8+ Kh7 48. Qg8#) 46. Qd4+ f6 47. g4 $10) 43...
Qxh5 $15 44. Ne7+ Kg7 45. g4 Qc5 46. Nf5+ Kg6 47. Qa6 Qb4 48. Qe2 h5 49. Ne3
hxg4 50. Nxg4 Qf4 51. Ne5+ Kg7 52. Nd3 Qg5+ 53. Kf1 Qf5 54. a4 Bd6 55. Qe3 Kf8
56. Qd4 Ke7 57. Ke2 Ke6 58. Qc4+ Qd5 59. Qa6 Qe4+ 60. Kd2 Bb4+ 61. Nxb4 Qxb4+
62. Ke3 Qc3+ 63. Ke2 Qc7 64. Ke3 Ke5 65. f4+ Ke6 66. Kf3 Qd7 67. Qe2+ Kd6 68.
Qe5+ Kc6 69. Kg3 Qd3+ 70. Kg4 Qg6+ 71. Kf3 Qe6 72. Qb5+ Kb7 73. f5 Qc6+ 74. Kg4
a6 75. Qb4 Qf6 76. Qe4+ Ka7 77. Qd5 Qg7+ 78. Kf4 f6 79. Qe6 b5 80. a5 Qc7+ 81.
Kg4 Qd8 82. Kh5 Qd4 83. Qc6 b4 84. Qc7+ Ka8 85. Qc8+ Ka7 86. Qc7+ Ka8 87. Qc8+
Ka7 1/2-1/2

[Event "Lisbon Masters"]
[Site "Lisbon"]
[Date "1996.??.??"]
[Round "2"]
[White "Rocha, Sergio MC"]
[Black "Santos, Carlos Pereira Dos"]
[Result "1-0"]
[WhiteElo "2370"]
[BlackElo "2330"]
[Annotator "Costa,L"]
[PlyCount "79"]
[EventDate "1996.??.??"]
[EventType "tourn"]
[EventRounds "9"]
[EventCountry "POR"]
[EventCategory "4"]
[SourceTitle "CBM 051 Extra"]
[Source "ChessBase"]
[SourceDate "1996.05.01"]
[SourceVersion "1"]
[SourceVersionDate "1996.05.01"]
[SourceQuality "1"]

1. c4 g6 2. Nc3 Bg7 3. g3 Nf6 4. Bg2 O-O 5. Nf3 d6 6. Rb1 (6. O-O $142) 6... c6
$146 7. b4 d5 $1 8. cxd5 cxd5 9. O-O Re8 10. Qb3 e5 (10... Bf5 $5) 11. d4 exd4
12. Nxd4 Nc6 13. Ncb5 Bg4 14. Be3 a6 15. Nxc6 bxc6 16. Nd4 Bd7 17. h3 Ne4 $6 {
O início de um plano que serí contrariado por SÉrgio Rocha.} 18. Rfd1 Nd6 19.
Rbc1 Nc4 {[#]} 20. Rxc4 $1 dxc4 21. Qxc4 $14 Qc8 22. Kh2 a5 23. bxa5 Rxa5 24.
Nxc6 Bxc6 25. Bxc6 Rh5 $6 (25... Rd8 26. Rxd8+ Qxd8) 26. Rd7 $16 Re6 27. Bb5
Qa8 $1 28. h4 Bf6 29. Rc7 {[#]} Rxh4+ $2 30. gxh4 Be5+ 31. Bf4 Bxc7 32. Qxc7 {
+-} Qe4 33. Bd3 Qd5 $6 34. Qc8+ (34. Bc4 $142) 34... Kg7 35. Qc3+ Kg8 36. a4
Qh5 37. Bg3 g5 38. Qc8+ Kg7 39. Qc3+ Kh6 40. Qd2 $6 (40. Qh8 $142 $1 Rg6 41.
Qf8+ Rg7 42. Qd6+ Rg6 43. Bxg6 hxg6 44. Qf8+ Kh7 45. Qxf7+ Kh6 46. Qg8 $1 gxh4
47. Bf4+ g5 48. Bxg5+ Qxg5 49. Qxg5+ Kxg5 {tudo esta sequÉncia Й forÇada. Se
as negras delas se fastam levam mate de imediato.} 50. a5 {e as brancas vencem
facilmente.}) 1-0

[Event "Rubinstein Memorial 32nd"]
[Site "Polanica Zdroj"]
[Date "1995.??.??"]
[Round "4"]
[White "Huebner, Robert"]
[Black "Kaminski, Marcin"]
[Result "1/2-1/2"]
[WhiteElo "2630"]
[BlackElo "2495"]
[Annotator "Dolmatov,S"]
[PlyCount "124"]
[EventDate "1995.08.??"]
[EventType "tourn"]
[EventRounds "11"]
[EventCountry "POL"]
[EventCategory "14"]
[SourceTitle "CBM 049"]
[Source "ChessBase"]
[SourceDate "1995.12.01"]
[SourceVersion "1"]
[SourceVersionDate "1995.12.01"]
[SourceQuality "1"]

1. c4 g6 2. Nc3 Nf6 3. g3 c6 4. Bg2 d5 (4... Bg7 $5 5. d4 d5 6. cxd5 cxd5 7.
Qb3 Nc6 $10) 5. cxd5 cxd5 6. Qb3 e6 7. Nf3 Bg7 8. d3 (8. d4 O-O 9. Bg5 Nc6 $10)
8... O-O 9. e4 d4 (9... Nc6 10. e5 (10. O-O) 10... Nd7 11. d4 f6 12. exf6 Nxf6
13. O-O $14) 10. Ne2 Nc6 11. O-O e5 $10 12. Bd2 Nd7 (12... Qe7 13. Rac1 Be6 $10
) 13. Rfc1 (13. Rac1 Qb6 14. Qxb6 axb6 15. a3 Nc5 16. Ne1 Nb3 $15) 13... Qb6
14. Qa3 $6 (14. Rc4 Qxb3 15. axb3 Nb6 16. Rc5 Be6 17. b4 a6 $15) (14. Qxb6 axb6
15. b4 b5 $15) 14... a5 15. Rab1 Qa6 (15... Re8 $2 16. b4 Bf8 17. Qa4 $1 Nxb4
18. a3) 16. Qb3 Nb6 (16... a4 17. Qc2) 17. a4 Be6 18. Qb5 (18. Qa3 Rfc8 $17)
18... Qxb5 19. axb5 Nb4 20. Bxb4 axb4 21. Rc7 $17 Na4 (21... Rfc8 $5 22. Rxb7
Nd7 23. Ng5 Nc5 24. Rb6 Bd7) 22. b6 Ba2 (22... Bf6 23. Rxb7 Nc5 24. Rc7 Nxd3)
23. Ra1 Nxb2 24. Nc1 (24. Rxb7 Nxd3 $17) (24. Rc2 Bb3 25. Rxa8 Bxc2 26. Ra2 b3
27. Rxb2 Ra8 $17) 24... Be6 (24... b3 $5 25. Rxb7 Nd1 26. Nxa2 Nc3 27. Ra7 b2
$17) 25. Rb1 (25. Rxa8 Rxa8 26. Rxb7 Bh6 $17) 25... Na4 $6 (25... Nd1 $5 26.
Rxb4 Ra1 27. Rc2 Nc3 $19) 26. Rxb4 Nc3 27. Nb3 Rfb8 28. Ng5 Bf8 29. Nc5 Ba2 (
29... Ra1+ 30. Bf1) 30. f4 Rc8 (30... Bd6 31. fxe5 Bxc7 32. bxc7 Rc8 33. Rxb7
$132) 31. Bh3 Bxc5 32. Rb2 (32. Bxc8 Bxb4 33. Bxb7 Rb8 $17) 32... f5 (32...
Rxc7 33. bxc7 b5 34. c8=Q+ Rxc8 35. Bxc8 b4 36. Ba6 b3 37. Bc4 $10) 33. exf5
Bd6 34. Rxc8+ Rxc8 35. fxg6 Ra8 36. fxe5 (36. gxh7+ Kg7 37. fxe5 Be7 $17) 36...
Bxe5 37. gxh7+ Kg7 38. Bg2 Bf6 39. Ne4 Bd5 (39... Be7 $17) 40. Nxf6 Kxf6 41.
Bxd5 Nxd5 42. Re2 Rh8 43. Re4 Rxh7 44. Rxd4 Ke5 45. Re4+ Kd6 46. g4 Nxb6 47. g5
Nd7 48. Kg2 $17 b5 49. h4 Ne5 50. Rf4 Kd5 51. Kg3 Rh8 (51... Nxd3 52. Rf5+ Kc4
53. g6 Rg7 54. h5) 52. d4 Ng6 $10 53. Rf5+ Kc4 54. Rc5+ Kb4 55. Rc6 Nxh4 56.
Kg4 Ng2 (56... Ka3 57. g6 b4 58. g7 Rg8 59. Rc7 $10) 57. g6 Ne3+ 58. Kg5 Nd5
59. g7 Rg8 60. Kh6 Ne7 61. Rf6 Rd8 62. Rf7 Ng8+ 1/2-1/2

[Event "Grand Slam Final 4th"]
[Site "Sao Paulo/Bilbao"]
[Date "2011.10.07"]
[Round "7"]
[White "Vallejo Pons, Francisco"]
[Black "Ivanchuk, Vassily"]
[Result "1-0"]
[WhiteElo "2716"]
[BlackElo "2765"]
[Annotator "Edouard,R"]
[PlyCount "93"]
[EventDate "2011.09.26"]
[EventType "tourn"]
[EventRounds "10"]
[EventCountry "BRA"]
[EventCategory "22"]
[SourceTitle "CBM 145"]
[Source "ChessBase"]
[SourceDate "2011.11.11"]
[SourceVersion "1"]
[SourceVersionDate "2011.11.11"]
[SourceQuality "1"]

1. Nf3 Nf6 2. c4 g6 3. Nc3 d5 4. cxd5 Nxd5 5. h4 Nxc3 6. bxc3 h6 7. e4 Bg7 8.
d4 c5 {We reach a normal Grünfeld setup... with h4 and ...h6 included.} 9. Bb5+
(9. Rb1 {would be like the main line, but my feeling is that the "h4-h6"
difference cannot help White.}) 9... Nc6 10. d5 Qa5 11. Rb1 a6 12. Bxc6+ bxc6
13. O-O Bg4 {Till here, things went more or less normally.} 14. d6 $5 (14. dxc6
Rc8 {is about equal.}) 14... Rd8 15. Bf4 exd6 (15... O-O 16. dxe7 Rxd1 17.
exf8=Q+ Kxf8 18. Rfxd1 Kg8 {is proposed by the engine, but since I doubt Black
has any winning chance here; it's better to go for the text move.}) 16. Bxd6
Bf8 (16... Bxf3 17. gxf3 Be5 $6 18. Rb8 $1 Rxb8 19. Bxe5 Rd8 20. Qc1 {is
unpleasant for Black.}) 17. e5 Bxd6 18. exd6 O-O 19. Qd2 Bxf3 20. gxf3 Rd7 21.
Rfd1 Rfd8 22. Qxh6 Qxc3 $6 {A bit over optimistic. Now Black will have to be
careful.} (22... Rxd6 23. Rxd6 Rxd6 {seems like a dead draw to me, though I
might be missing something.}) 23. Qf4 c4 24. h5 Qg7 $6 {The beginning of
Black's problems.} (24... Qa5 {(or maybe even 24...Qh8!)} 25. hxg6 Qh5 {
should be a draw, since Black's pieces are going to get free. Still, this is
already a purely computer defence, even if it is admittedly not entirely
anti-thematic.}) 25. Rb6 Rc8 (25... Kh7 $5 {might be a good defensive move. I
cannot see a good path for White:} 26. Rxc6 gxh5+ 27. Kf1 Qg6 28. Rd5 (28. Qxc4
Rxd6 29. Rcxd6 Rxd6 30. Rxd6 Qxd6 31. Qxf7+ Kh6 {should be drawn.}) 28... Qb1+
29. Kg2 Rg8+ 30. Rg5 Rxg5+ 31. Qxg5 Qg6 32. Qxg6+ Kxg6 33. Rxa6 Kf6 34. Rc6 Ke6
35. Rxc4 Rxd6 {with a probable draw.}) 26. h6 Qc3 $2 (26... Qf8 {was necessary.
} 27. Rxa6 c3 28. Qc1 c2 29. Qxc2 Qxh6 {and White is better, though Black has
good chances to hold.}) 27. Rd4 $6 (27. Kg2 $1 Kh7 28. Rd4 $18) (27. Rb4 $5 {
is not better than 27.Kg2, but I liked quoting it :) The idea of course is}
Qxb4 $4 28. Qf6 {and mate.}) 27... Qe1+ 28. Kg2 Qe6 {Black's only move.} 29.
Rxa6 c3 30. Ra3 Rcd8 31. Rxc3 Rxd6 32. Rxd6 (32. Rcd3 {seems better to me:}
Rxd4 33. Rxd4 Ra8 34. a4 {and Black still has problems to solve, though the
position is far from clear.}) 32... Qxd6 $2 (32... Rxd6 $1 {should hold:} 33.
Rc5 (33. a4 Rd5 34. Re3 Qf5 $11) 33... Qf6 34. Qxf6 Rxf6 35. Kg3 Rd6 {and
Black will stop the a-pawn, or at least keep the c-one. I guess it's an easy
draw.}) 33. Qxd6 $6 (33. h7+ $1 Kg7 (33... Kh8 34. Qxf7 Rf8 35. Rxc6 Rxf7 36.
Rxd6 $18) 34. h8=Q+ Kxh8 35. Qxf7 Rd7 36. Qe8+ Kg7 37. a4 {and I don't think
Black can draw this!}) 33... Rxd6 34. a4 Kh7 $2 (34... Rd5 35. Rxc6 (35. Ra3
Ra5 36. Kf1 Kh7 37. Ke2 Kxh6 38. Kd3 Kg5 39. Kc4 Kf4 40. Kb4 Ra6 41. Kc5 Ke5 $1
{and White cannot make progress. This setup is very important.}) 35... Ra5 (
35... Rd4 $5 {should also be a draw.}) 36. Rc4 Kh7 37. Kf1 Kxh6 38. Ke2 Kg5 39.
Kd3 Kf5 40. Kc3 Ra8 41. Kb4 Rb8+ 42. Ka3 Ra8 {and I believe the endgame is
drawn. I took a bit of time to look a bit deeper, and I believe White has no
way to advance his pawn. Actually, there might be clever plans like} 43. Rc7 f6
44. Rc6 g5 45. Rb6 {in order to prevent Black's king from going to f4 and take
the pawns, but even after a waiting move like} Ra7 {I cannot see a plan for
White, since} 46. Kb4 {is met by} Rf7 $1 {after what ...Kf4 is a threat and
White's rook is no longer able to defend; White can, for example, play} 47. Kc5
{in order to try to advance, but after} Kf4 48. Rb3 Rc7+ {Black will take the
f2-pawn, sac the rook against the a-pawn, push and make a draw. To be more
precise:} 49. Kd6 Rc2 50. Ra3 Rxf2 51. a5 f5 $1 (51... Rh2 $4 52. a6 Rh8 53.
Ke6 $1 $18) 52. a6 (52. Ke6 Re2+ 53. Kf6 g4 $11) 52... Rd2+ 53. Ke7 Rh2 $11)
35. a5 Kxh6 $6 (35... c5 {was probably the only way but after} 36. f4 (36. Ra3
$6 c4 37. f4 Ra6 38. Kf1 Re6 39. a6 c3 $11) 36... Ra6 (36... Kxh6 37. Ra3 c4
38. a6 c3 39. a7 c2 40. a8=Q c1=Q 41. Qh8#) 37. Rxc5 {Black got a much worse
version than 34...Rd5, which I guess should be lost. Still:}) 36. a6 {Now the
game seems to be over.} c5 (36... Rd5 37. Ra3 Rd8 38. a7 Ra8 39. f4 {and White
will just bring his king to the queenside and win:} Kg7 40. Kf3 Kf6 41. Ke4 Ke6
42. Ra6 Kd6 43. Kd4 {and zugzwang later on...}) 37. Ra3 Rd8 38. f4 Kg7 39. Kf3
Kf6 40. a7 Ra8 41. Ke4 Ke6 42. Ra6+ Kd7 43. Kd5 Kc7 44. Kxc5 Kb7 45. Kb5 $1
Rxa7 (45... Kc7 46. Rf6 $18) 46. Rxa7+ Kxa7 47. Kc6 1-0